00265nam a2200109Ia 4500008004100000041001200041082001100053100001900064245006000083260000600143650000600149221030s9999 xx 000 0 und d aEnglish a105.23 aJ. C. V. Horne 0aFundamentals Of Financial Managementcby J. C. V. Horne c0 aB